Sử dụng câu đố trong dạy học chủ đề “Tự nhiên” của môn TN-XH lớp 1, 2, 3
Nghiên cứu cơ sở lí luận của việc sử dụng câu đố trong dạy học môn Tự nhiên và Xã hội lớp 1, 2, 3. Tìm hiểu thực tế việc sử dụng câu đố trong dạy và học môn Tự nhiên và Xã hội. Xây dựng một số kế hoạch bài học nhằm đánh giá kết quả đạt được khi sử dụng câu đố trong dạy học môn Tự nhiên và Xã hội. Th...
Guardado en:
| Autor principal: | |
|---|---|
| Otros Autores: | |
| Formato: | Libro |
| Lenguaje: | Vietnamese |
| Publicado: |
Đà Nẵng
Đại học Sư phạm, Đại học Đà Nẵng
2012
|
| Materias: | |
| Etiquetas: |
Agregar Etiqueta
Sin Etiquetas, Sea el primero en etiquetar este registro!
|
| Thư viện lưu trữ: | Mạng thư viện Đại học Đà Nẵng |
|---|
| LEADER | 02127nam a2200325 4500 | ||
|---|---|---|---|
| 001 | 000016791 | ||
| 003 | 13200 | ||
| 005 | 20130104100156.0 | ||
| 008 | 121226s2012 viesd | ||
| 041 | 0 | |a vie | |
| 082 | |a 372.83 |b HO-P | ||
| 100 | 1 | |a Hoàng Thị Mỹ Phượng | |
| 245 | 0 | |a Sử dụng câu đố trong dạy học chủ đề “Tự nhiên” của môn TN-XH lớp 1, 2, 3 |c Hoàng Thị Mỹ Phượng | |
| 260 | |a Đà Nẵng |b Đại học Sư phạm, Đại học Đà Nẵng |c 2012 | ||
| 300 | |a 63 tr., phụ lục 48 tr. |b Hình ảnh |c 29 cm. |e Đĩa CD, tài liệu tóm tắt | ||
| 500 | |a Khóa luận tốt nghiệp đại học. Chuyên ngành: Sư phạm Tiểu học | ||
| 504 | |a Mục lục đầu trang, tài liệu tham khảo tr. 73 - 74, phụ lục [13 tr.] | ||
| 520 | |a Nghiên cứu cơ sở lí luận của việc sử dụng câu đố trong dạy học môn Tự nhiên và Xã hội lớp 1, 2, 3. Tìm hiểu thực tế việc sử dụng câu đố trong dạy và học môn Tự nhiên và Xã hội. Xây dựng một số kế hoạch bài học nhằm đánh giá kết quả đạt được khi sử dụng câu đố trong dạy học môn Tự nhiên và Xã hội. Thực nghiệm sư phạm nhằm kiểm chứng hiệu quả của việc sử dụng câu đố trong dạy học môn Tự nhiên và Xã hội ở Tiểu học. Đề xuất một số ý kiến nhằm nâng cao hiệu quả của việc sử dụng câu đố trong dạy học môn Tự nhiên và Xã hội ở Tiểu học. | ||
| 653 | |a Khoa Tiểu học Mầm Non | ||
| 700 | |a Vũ Đình Ngàn |c Th.S |e Hướng dẫn | ||
| OWN | |a LSP | ||
| AVA | |a UDN50 |b LSP |d 372.83 HO-P |e available |t Error 5001 Not defined in file expand_doc_bib_avail. |f 1 |g 0 |h N |i 0 |k 1 | ||
| 999 | |a From the UDN01 | ||
| AVA | |a UDN50 |b LSP |d 372.83 HO-P |e available |t Error 5001 Not defined in file expand_doc_bib_avail. |f 1 |g 0 |h N |i 0 |k 1 | ||
| TYP | |a Monograph | ||
| TYP | |a Printed language | ||
| 980 | |a Mạng thư viện Đại học Đà Nẵng | ||